Stolice województw Polski - nagła śmierć - Statystyki

Ogólne statystyki
  • Ten quiz został rozwiązany 10 496 razy
  • Średni wynik to 14 z 18
Answers on the Grid
Answers color-coded by a green-red scale on the quiz's grid according to % correct below.
Białystok
Bydgoszcz
Chełm
Częstochowa
Elbląg
Gdańsk
Gdynia
Gliwice
Gorzów Wielkopolski
Hel
Jastrzębie-Zdrój
Kalisz
Katowice
Kielce
Kołobrzeg
Kraków
Legnica
Łódź
Lublin
Olsztyn
Opole
Poznań
Radom
Rzeszów
Sandomierz
Sopot
Stalowa Wola
Suwałki
Szczecin
Tarnów
Toruń
Warszawa
Wrocław
Zabrze
Zamość
Zielona Góra
 
Statystyki odpowiedzi
Odpowiedź % Poprawnych
Białystok
92%
Bydgoszcz
86%
Gdańsk
84%
Kraków
79%
Łódź
78%
Poznań
78%
Warszawa
78%
Wrocław
77%
Lublin
75%
Katowice
74%
Opole
74%
Szczecin
74%
Rzeszów
72%
Toruń
70%
Kielce
69%
Zielona Góra
69%
Gorzów Wielkopolski
68%
Olsztyn
67%
Nie znaleziono quizów pasujących do podanych kryteriów
Rozkład punktacji
Procent ludzi z każdym wynikiem
Percentyl według liczby udzielonych odpowiedzi
Twoja historia wyników
Nie rozwiązałeś tego quizu